<?xml version="1.0" encoding="UTF-8"?>
<record
    xmlns:xsi="http://www.w3.org/2001/XMLSchema-instance"
    xsi:schemaLocation="http://www.loc.gov/MARC21/slim http://www.loc.gov/standards/marcxml/schema/MARC21slim.xsd"
    xmlns="http://www.loc.gov/MARC21/slim">

  <leader>00825nam a2200241 a 4500</leader>
  <controlfield tag="001">BRCA_2670</controlfield>
  <controlfield tag="005">20190320203922.0</controlfield>
  <controlfield tag="008">021208s1920----gw-#---###---#000-0#ger-#</controlfield>
  <datafield tag="050" ind1=" " ind2="4">
    <subfield code="a">NK4483</subfield>
    <subfield code="b">.S34 1920</subfield>
  </datafield>
  <datafield tag="100" ind1="1" ind2=" ">
    <subfield code="a">Schnorr v. Carolsfeld, Ludwig</subfield>
    <subfield code="9">7577</subfield>
  </datafield>
  <datafield tag="245" ind1="1" ind2="0">
    <subfield code="a">Porzellan der Europ&#xE4;ischen fabriken des 18 Jahrhunderts</subfield>
    <subfield code="c">von Ludwing Schnorr v. Carolsfeld.</subfield>
  </datafield>
  <datafield tag="260" ind1=" " ind2=" ">
    <subfield code="a">Berlin</subfield>
    <subfield code="b">Richard Carl Schmidt</subfield>
    <subfield code="c">1920</subfield>
  </datafield>
  <datafield tag="300" ind1=" " ind2=" ">
    <subfield code="a">296 p.</subfield>
    <subfield code="b">il.</subfield>
    <subfield code="c">22 cm.</subfield>
  </datafield>
  <datafield tag="440" ind1=" " ind2="0">
    <subfield code="a">Bibliothek fur und antyurlatensa mmler</subfield>
    <subfield code="9">7578</subfield>
  </datafield>
  <datafield tag="500" ind1=" " ind2=" ">
    <subfield code="a">La biblioteca cuenta con otro ejemplar publicado en 1922</subfield>
  </datafield>
  <datafield tag="500" ind1=" " ind2=" ">
    <subfield code="a">Incluye &#xED;ndice alfab&#xE9;tico</subfield>
  </datafield>
  <datafield tag="500" ind1=" " ind2=" ">
    <subfield code="a">A118</subfield>
  </datafield>
  <datafield tag="650" ind1="1" ind2="4">
    <subfield code="a">Porcelana</subfield>
    <subfield code="e">Coleccionistas y colecciones</subfield>
    <subfield code="9">1509</subfield>
  </datafield>
  <datafield tag="650" ind1="1" ind2="4">
    <subfield code="a">Porcelana</subfield>
    <subfield code="z">Europa</subfield>
    <subfield code="9">7579</subfield>
  </datafield>
  <datafield tag="650" ind1="1" ind2="4">
    <subfield code="a">Porcelana</subfield>
    <subfield code="e">Historia</subfield>
    <subfield code="9">1509</subfield>
  </datafield>
  <datafield tag="902" ind1=" " ind2=" ">
    <subfield code="a">GFM</subfield>
  </datafield>
  <datafield tag="942" ind1=" " ind2=" ">
    <subfield code="2">lcc</subfield>
    <subfield code="c">B</subfield>
  </datafield>
  <datafield tag="999" ind1=" " ind2=" ">
    <subfield code="c">2410</subfield>
    <subfield code="d">2410</subfield>
  </datafield>
  <datafield tag="952" ind1=" " ind2=" ">
    <subfield code="0">0</subfield>
    <subfield code="1">0</subfield>
    <subfield code="4">0</subfield>
    <subfield code="7">0</subfield>
    <subfield code="a">BRCA</subfield>
    <subfield code="b">BRCA</subfield>
    <subfield code="d">2008-12-02</subfield>
    <subfield code="i">A118</subfield>
    <subfield code="l">0</subfield>
    <subfield code="o">NK4483 .S34 1920 (A118)</subfield>
    <subfield code="p">2667</subfield>
    <subfield code="r">2019-03-22 00:00:00</subfield>
    <subfield code="w">2019-03-22</subfield>
    <subfield code="y">B</subfield>
  </datafield>
</record>
